Language Quiz

Random Language or Spanish Quiz

False Cognates: Spanish to English Quiz Stats

 Plays Quiz Updated Mar 10, 2015

Support Sporcle.
Go Orange.
Score 0/16 Timer 08:00
2 Plays Today
Spanish Word English Translation % Correct
OnceEleven
86.9%
SopaSoup
81.9%
RopaClothing
80.2%
CampoCountryside
67.8%
EmbarazadaPregnant
66.5%
ColegioHigh School
66.3%
RecordarTo remember
63.9%
ÉxitoSuccess
51.3%
Spanish Word English Translation % Correct
ArenaSand
47.5%
FaltaLack
43.6%
SanoHealthy
40.8%
ActualCurrent
40%
CarpetaFolder
35.9%
PatrónBoss
34.5%
NudoKnot
31.8%
DesgraciaMisfortune
17.6%

You're not logged in!

Compare scores with friends on all Sporcle quizzes.
OR
Log In

From the Vault

Asian 'T' Countries

by Headers2304

Everyone knows that the best 'T' comes from Asia.
Remove Ads.
Support Sporcle.
Get the best of Sporcle when you Go Orange. This ad-free experience offers more features, more stats, and more fun while also helping to support Sporcle. Thank you for becoming a member.

Show Comments

Extras

Top Quizzes Today


Score Distribution

Your Account Isn't Verified!

In order to create a playlist on Sporcle, you need to verify the email address you used during registration. Go to your Sporcle Settings to finish the process.

Report this User

Report this user for behavior that violates our Community Guidelines.

Details: